000 00648nam a2200181 a 4500
001 000022805
005 20200930021815.0
008 101118s1945 sp b r 000 e spa d
040 _aDO-SdBNP
_bspa
_cBNPHU
082 _a860.5
_bB265s
245 0 0 _aSelección de juicios críticos acerca de las obras de Rodolfo Barón Castro.
260 _aMadrid, (España) :
_bEdiciones Atlas,
_c1945.
300 _a110 p. :
_bmaps. ;
_c18 cm.
504 _aIncluye referencias bibliográficas y notas al pie de las páginas.
650 4 _aLiteratura española
_xHistoria y crítica
_93904
650 4 _aLiteratura española
_xSiglo xviii
_946849
049 _aBNGR
999 _c22302
_d22302